Singers on 'SNL' Quiz Stats

 Plays Quiz Updated Jun 10, 2016

Challenge
Share
Tweet
Score 0/20 Timer 06:00
1 Play Today
% Correct
Miley Cyrus
98.2%
Taylor Swift
95.1%
Justin Timberlake
92.9%
Elton John
92.1%
Kanye West
92%
Lady Gaga
90.9%
Paul McCartney
88.6%
Bruno Mars
86.7%
Katy Perry
86.1%
Ariana Grande
85.1%
% Correct
Mick Jagger
84.4%
Madonna
78.2%
Jennifer Lopez
72.1%
Jessica Simpson
70.1%
Blake Shelton
69.9%
Jon Bon Jovi
68.1%
Adam Levine
65.4%
Drake
65.2%
Queen Latifah
63.6%
Paul Simon
46.7%

You're not logged in!

Compare scores with friends on all Sporcle quizzes.
OR
Log In

You Might Also Like...

Show Comments

Extras

Top Quizzes Today


Score Distribution

Your Account Isn't Verified!

In order to create a playlist on Sporcle, you need to verify the email address you used during registration. Go to your Sporcle Settings to finish the process.

Report this User

Report this user for behavior that violates our Community Guidelines.

Details: